Joss Whedon Characters Quiz Stats

 Plays Quiz Updated Feb 5, 2020

Support Sporcle.
Go Orange.
Score 0/27 Timer 08:00
0 Plays Today
Actor/Actress Role % Correct
Eliza DushkuFaith
75.2%
Nathan FillionMalcolm Reynolds
65.8%
Adam BaldwinJayne Cobb
61.4%
Alexis DenisofWesley Wyndham-Pryce
61.2%
Summer GlauRiver Tam
61%
Amy AckerWinifred/Illyria
60.3%
Alan TudykHoban 'Wash' Washburne
57%
Eliza DushkuEcho/Caroline Farrel
49.6%
Gina TorresZoe Washburne
44.2%
Alan TudykAlpha
41.8%
Nathan FillionCaleb
40.9%
Amy AckerDr. Saunders/Whiskey
32.8%
Gina TorresJasmine
30%
Felicia DayVi
25.3%
Actor/Actress Role % Correct
Summer GlauPrima Ballerina
22.2%
Alexis DenisofSenator Daniel Perrin
20.8%
Summer GlauBennett Halverson
17.2%
Adam BaldwinMarcus Hamilton
15.9%
Jonathan WoodwardKnox
13.1%
Felicia DayMag
12.7%
Andy UmbergerD'Hoffryn
10.7%
Jonathan WoodwardTracey Smith
9.8%
Carlos JacottKen
9.3%
Jonathan WoodwardHolden Webster
9.2%
Carlos JacottLawrence Dobson
7.8%
Carlos JacottRichard Straley
6.3%
Andy UmbergerDr. Ronald Meltzer
4.9%

From the Vault

Sweetest Smelling Countries

by wasteoflawtime

These might be the place to go if you feel like tiptoeing through the tulips.
Remove Ads.
Support Sporcle.
Get the best of Sporcle when you Go Orange. This ad-free experience offers more features, more stats, and more fun while also helping to support Sporcle. Thank you for becoming a member.

Show Comments

Extras

Top Quizzes Today


Score Distribution

Your Account Isn't Verified!

In order to create a playlist on Sporcle, you need to verify the email address you used during registration. Go to your Sporcle Settings to finish the process.

Report this User

Report this user for behavior that violates our Community Guidelines.

Details: